Catálogo

Mujeres y movimientos armados en América / (Registro nro. 52154)

Detalles MARC
000 -LEADER
fixed length control field 01603cam a2200337 i 4500
001 - CONTROL NUMBER
control field 52154
003 - CONTROL NUMBER IDENTIFIER
control field Mx-PuUPA
005 - DATE AND TIME OF LATEST TRANSACTION
control field 20240410104039.0
008 - FIXED-LENGTH DATA ELEMENTS--GENERAL INFORMATION
fixed length control field 140415s2011 mx a gr 000 0 spa d
020 ## - INTERNATIONAL STANDARD BOOK NUMBER
Terms of availability En trámite
040 ## - CATALOGING SOURCE
Original cataloging agency MX-PuUPA
Language of cataloging spa
Description conventions rda
Transcribing agency Mx-PuUPA
Modifying agency Mx-PuUPA
041 0# - LANGUAGE CODE
Language code of text/sound track or separate title spa
100 1# - MAIN ENTRY--PERSONAL NAME
Personal name Herrerías Guerra, María,
Relator term autor
9 (RLIN) 7063
245 10 - TITLE STATEMENT
Title Mujeres y movimientos armados en América /
Statement of responsibility, etc. María Herrerías Guerra ; con la colaboración de Mayra Barrientos Arriaga, Juan Francisco Hernández Herrerías.
264 #1 - PRODUCTION, PUBLICATION, DISTRIBUTION, MANUFACTURE, AND COPYRIGHT NOTICE
Place of production, publication, distribution, manufacture México, D.F. :
Name of producer, publisher, distributor, manufacturer Centro de Estudios para el Adelanto de las Mujeres y la Equidad de Género,
Date of production, publication, distribution, manufacture, or copyright notice [2011?]
300 ## - PHYSICAL DESCRIPTION
Extent 224 páginas :
Other physical details ilustraciones ;
Dimensions 23 cm
336 ## - CONTENT TYPE
Content type term texto
Fuente rdacontent
Content type code txt
337 ## - MEDIA TYPE
Media type term sin medio
Source rdamedia
Media type code n
338 ## - CARRIER TYPE
Carrier type term volumen
Source rdacarrier
Carrier type code nc
650 #7 - SUBJECT ADDED ENTRY--TOPICAL TERM
Topical term or geographic name entry element Mujeres
General subdivision Actividad política
Geographic subdivision América Latina
General subdivision Historia
Source of heading or term armarc
650 #7 - SUBJECT ADDED ENTRY--TOPICAL TERM
Topical term or geographic name entry element Mujeres
Geographic subdivision América Latina
General subdivision Condiciones sociales
Source of heading or term armarc
650 #7 - SUBJECT ADDED ENTRY--TOPICAL TERM
Topical term or geographic name entry element Guerrilleras
Geographic subdivision América Latina
General subdivision Historia
Source of heading or term armarc
651 #4 - SUBJECT ADDED ENTRY--GEOGRAPHIC NAME
Geographic name América Latina
General subdivision Historia
Chronological subdivision Siglo XIX
651 #4 - SUBJECT ADDED ENTRY--GEOGRAPHIC NAME
Geographic name América Latina
General subdivision Historia
Chronological subdivision Siglo XX
700 1# - ADDED ENTRY--PERSONAL NAME
Personal name Barrientos Arriaga, Mayra,
Relator term colaborador
700 1# - ADDED ENTRY--PERSONAL NAME
Personal name Hernández Herrerías, Juan Francisco,
Relator term colaborador
765 08 - ORIGINAL LANGUAGE ENTRY
Main entry heading Herrerías Guerra, María.
Title Women and armed movements in America.
Place, publisher, and date of publication México, D.F. : Center for advancement of women and gender equality house of representatives, [2011?]
Physical description 223 páginas ; 23 cm.
Record control number (UPAEP UPA01) 58376
942 ## - ADDED ENTRY ELEMENTS (KOHA)
Source of classification or shelving scheme Dewey Decimal Classification
Koha item type Libro
Classification part 305.4209034
Item part H535
Existencias
Withdrawn status Lost status Source of classification or shelving scheme Damaged status Not for loan Collection code Home library Current library Shelving location Date acquired Source of acquisition Total Checkouts Total Renewals Full call number Barcode Date last seen Date last checked out Price effective from Koha item type
    Dewey Decimal Classification     General Biblioteca Karol Wojtyla Biblioteca Karol Wojtyla Sala general 23/02/2017 Compra 1 1 305.4209034 H535 2011 94550 14/04/2026 17/08/2022 19/04/2018 Libro